ბათუმის შოთა რუსთაველის სახელმწიფო უნივერსიტეტის ბიბლიოთეკა

Distance learning in higher education : (ბიბ.ჩანაწერი № 58247)

000 -LEADER
fixed length control field 00852cam a2200205 a 4500
001 - CONTROL NUMBER
control field 15186197
005 - DATE AND TIME OF LATEST TRANSACTION
control field 20211007112058.0
008 - FIXED-LENGTH DATA ELEMENTS--GENERAL INFORMATION
fixed length control field 080220s2008 nyua b 001 0 eng
020 ## - INTERNATIONAL STANDARD BOOK NUMBER
International Standard Book Number 9780807748787
041 ## - LANGUAGE CODE
Language code of text/sound track or separate title eng
080 ## - UNIVERSAL DECIMAL CLASSIFICATION NUMBER
Universal Decimal Classification number 378.1 R-84
100 1# - MAIN ENTRY--PERSONAL NAME
Personal name Rovai, Alfred P.
9 (RLIN) 12601
245 10 - TITLE STATEMENT
Title Distance learning in higher education :
Remainder of title a programmatic approach to planning, design, instruction, evaluation, and accreditation /
Statement of responsibility, etc. Alfred P. Rovai, Michael K. Ponton, Jason D. Baker.
264 ## - PRODUCTION, PUBLICATION, DISTRIBUTION, MANUFACTURE, AND COPYRIGHT NOTICE
Place of production, publication, distribution, manufacture New York :
Name of producer, publisher, distributor, manufacturer Teachers College Press,
Date of production, publication, distribution, manufacture, or copyright notice 2008.
300 ## - PHYSICAL DESCRIPTION
Extent 212 p. :
Other physical details ill. ;
Dimensions 24 cm.
653 ## - INDEX TERM--UNCONTROLLED
keyword დისტანციური სწავლება უმაღლეს განათლებაში
700 1# - ADDED ENTRY--PERSONAL NAME
Personal name Ponton, Michael K.
Relator term ავტორი
9 (RLIN) 12602
700 1# - ADDED ENTRY--PERSONAL NAME
Personal name Baker, Jason D.
Relator term ავტორი
9 (RLIN) 12603
942 ## - ADDED ENTRY ELEMENTS (KOHA)
Source of classification or shelving scheme
Koha item type წიგნი
ეგზემპლარები
Withdrawn status Lost status Source of classification or shelving scheme Damaged status Not for loan Permanent Location Current Location Shelving location Date acquired Cost, normal purchase price Full call number Barcode Date last seen Copy number Price effective from Koha item type Public note
          ბათუმის შოთა რუსთაველის სახელმწიფო უნივერსიტეტის მთავარი ბიბლიოთეკა ბათუმის შოთა რუსთაველის სახელმწიფო უნივერსიტეტის მთავარი ბიბლიოთეკა წიგნსაცავი 2021-10-07 111.00 378.1 R-84 61802 2021-10-07 61802 2021-10-07 წიგნი 111 ლ.
          ბათუმის შოთა რუსთაველის სახელმწიფო უნივერსიტეტის მთავარი ბიბლიოთეკა ბათუმის შოთა რუსთაველის სახელმწიფო უნივერსიტეტის მთავარი ბიბლიოთეკა წიგნსაცავი 2021-10-07 111.00 378.1 R-84 61803 2021-10-07 61803 2021-10-07 წიგნი 111 ლ.